Normal view
MARC view
Entry Topical Term
001 - CONTROL NUMBER
- control field: 25044
003 - CONTROL NUMBER IDENTIFIER
- control field: OSt
005 - DATE AND TIME OF LATEST TRANSACTION
- control field: 20151230151400.0
008 - FIXED-LENGTH DATA ELEMENTS
- fixed length control field: 151230|| aca||aabn | a|a d
040 ## - CATALOGING SOURCE
- Original cataloging agency: OSt
- Transcribing agency: OSt
150 ## - HEADING--TOPICAL TERM
- Topical term or geographic name entry element: Political Science
670 ## - SOURCE DATA FOUND
- Source citation: Work cat.: (OSt)34589: Fellowes, Sir Edward 25043, The Law Privileges Proceedings and Usage of Pariament, 1957









